000 00292nam a2200109Ia 4500
008 171211s9999 xx 000 0 und d
245 _aMusic of the Twentieth Century
245 _cTon de Leeuw
260 _c2006
650 _xmusic
856 _uhttp://down.ebook777.com/058/9789053567654.pdf
999 _c348714
_d348714